La práctica educativa. Cómo enseñar

Salvato in:
Dettagli Bibliografici
Autore principale: Zabala Vidiella, Antoni (Autore)
Natura: Libro
Lingua:spagnolo
Pubblicazione: Barcelona Graó 2007
Edizione:13a. ed
Serie:Serie Didáctica, Diseño y Desarrollo Curricular, 120
Soggetti:
Tags: Aggiungi Tag
Nessun Tag, puoi essere il primo ad aggiungerne!!

MARC

LEADER 00000nam a2200000 a 4500
001 UCG3036
003 CL-VaPUC
008 100805e20070400SP |||||||||||||||||spa|d
020 |a 9788478271252 
082 0 4 |a 370.1  |b ZAB  |2 21 
100 0 |a Zabala Vidiella, Antoni  |e author  |9 551807 
245 1 3 |a La práctica educativa. Cómo enseñar 
250 |a 13a. ed 
300 |a 231 p 
942 |c BK 
945 |d 20100805 00:00:00  |a mfarfan 
260 |a Barcelona  |b Graó  |c 2007 
650 0 |a Métodos de enseñanza  |9 270413 
650 7 |a RELACION DOCENTE-ALUMNO  |2 CL-VaPUC  |9 307734 
650 7 |a CLASES ESCOLARES  |2 CL-VaPUC  |9 307733 
650 0 |a Evaluación de la educación   |9 237505 
583 |a last modification  |c 20180417 04:56:00  |k Rodrigo Vera 
490 0 |a Serie Didáctica, Diseño y Desarrollo Curricular, 120 
999 |c 342135  |d 342133 
952 |0 0  |1 0  |4 0  |6 370_100000000000000_ZAB_2007  |7 0  |8 A  |9 438134  |a BIBHIS  |b BIBHIS  |d 2019-11-22  |i 4702999  |o 370.1 ZAB 2007  |p 4702999  |r 2025-01-20  |w 2019-11-22  |y BK  |k HIS 
952 |0 0  |1 0  |4 0  |6 370_100000000000000_ZAB_2007  |7 0  |8 A  |9 438135  |a BIBEDU  |b BIBEDU  |d 2019-11-22  |i 4740750  |l 1  |o 370.1 ZAB 2007  |p 4740750  |q 2025-05-15  |r 2025-04-30  |s 2025-04-30  |w 2019-11-22  |y BK  |k EFI